ARRUPE JESUIT UNIVERSITY

CORONAVIRUS -STOP THE SPREAD - CLEAN,DISINFECT,COVER

La grande festa : (Record no. 127416)

MARC details
000 -LEADER
fixed length control field 00927nam a2200301 p 4500
001 - CONTROL NUMBER
control field 4691019
003 - CONTROL NUMBER IDENTIFIER
control field ARRUPE
005 - DATE AND TIME OF LATEST TRANSACTION
control field 20180117095204.0
008 - FIXED-LENGTH DATA ELEMENTS--GENERAL INFORMATION
fixed length control field 810209s1976 it b 001 0 ita
010 ## - LIBRARY OF CONGRESS CONTROL NUMBER
LC control number 81452862
015 ## - NATIONAL BIBLIOGRAPHY NUMBER
National bibliography number It77-Feb
020 ## - INTERNATIONAL STANDARD BOOK NUMBER
Terms of availability L6000
040 ## - CATALOGING SOURCE
Original cataloging agency DLC
Transcribing agency DLC
Modifying agency DLC
050 00 - LIBRARY OF CONGRESS CALL NUMBER
Classification number GT4905
Item number .L36 1976
082 00 - DEWEY DECIMAL CLASSIFICATION NUMBER
Classification number 394.2/683
Edition number 19
300 ## - PHYSICAL DESCRIPTION
Dimensions 21 cm.
100 1# - MAIN ENTRY--PERSONAL NAME
Personal name Lanternari, Vittorio.
9 (RLIN) 38537
245 13 - TITLE STATEMENT
Title La grande festa :
Remainder of title vita rituale e sistemi di produzione nelle società tradizionali /
Statement of responsibility, etc Vittorio Lanternari.
250 ## - EDITION STATEMENT
Edition statement 2. ed.
260 ## - PUBLICATION, DISTRIBUTION, ETC. (IMPRINT)
Place of publication, distribution, etc Bari :
Name of publisher, distributor, etc Dedalo libri,
Date of publication, distribution, etc 1976.
300 ## - PHYSICAL DESCRIPTION
Extent 590 p. ;
490 0# - SERIES STATEMENT
Series statement La Scienza nuova ;
Volume number/sequential designation 45
500 ## - GENERAL NOTE
General note Includes index.
504 ## - BIBLIOGRAPHY, ETC. NOTE
Bibliography, etc Bibliography: p. 553-568.
650 #0 - SUBJECT ADDED ENTRY--TOPICAL TERM
Topical term or geographic name as entry element New Year.
9 (RLIN) 38538
650 #0 - SUBJECT ADDED ENTRY--TOPICAL TERM
Topical term or geographic name as entry element Rites and ceremonies.
9 (RLIN) 1907
650 #0 - SUBJECT ADDED ENTRY--TOPICAL TERM
Topical term or geographic name as entry element Economic anthropology.
9 (RLIN) 37840
906 ## - LOCAL DATA ELEMENT F, LDF (RLIN)
a 7
b cbc
c orignew
d 4
e ncip
f 19
g y-gencatlg
942 ## - ADDED ENTRY ELEMENTS (KOHA)
Source of classification or shelving scheme Library of Congress Classification
Koha item type Monograph ( Printed materials)
Holdings
Withdrawn status Lost status Source of classification or shelving scheme Damaged status Not for loan Collection code Home library Current library Shelving location Date acquired Total Checkouts Full call number Barcode Date last seen Price effective from Koha item type
    Library of Congress Classification     Main Collection ARRUPE LIBRARY ARRUPE LIBRARY Main Collection 17/01/2018   GT4905 .L36 1976 46600000884 10/04/2018 17/01/2018 Monograph ( Printed materials)

 

Arrupe Library. PO Box MP320 Mt Pleasant, Harare, Zimbabwe
263 242 745411|librarian@aju.ac.zw